Biscuit and the little pup / (Record no. 2314)

MARC details
000 -LEADER
fixed length control field 01010cam a2200313 a 4500
005 - DATE AND TIME OF LATEST TRANSACTION
control field 20250915101900.0
020 ## - INTERNATIONAL STANDARD BOOK NUMBER
International Standard Book Number 9780060741709 (trade bdg.)
020 ## - INTERNATIONAL STANDARD BOOK NUMBER
International Standard Book Number 9780060741716 (lib. bdg.)
040 ## - CATALOGING SOURCE
Original cataloging agency DLC
Transcribing agency DLC
Modifying agency DLC
Language of cataloging eng
050 00 - LIBRARY OF CONGRESS CALL NUMBER
Classification number PZ7.C179
Item number Big 2008
082 00 - DEWEY DECIMAL CLASSIFICATION NUMBER
Classification number 813
Edition number 22
100 1# - MAIN ENTRY--PERSONAL NAME
Personal name Capucilli, Alyssa Satin
Dates associated with a name 1957-
245 10 - TITLE STATEMENT
Title Biscuit and the little pup /
Statement of responsibility, etc. story by Alyssa Satin Capucilli ; pictures by Pat Schories.
250 ## - EDITION STATEMENT
Edition statement First Scholastic printing, January 2009
260 ## - PUBLICATION, DISTRIBUTION, ETC.
Place of publication, distribution, etc. New York :
Name of publisher, distributor, etc. Scholastic,
Date of publication, distribution, etc. 2008
300 ## - PHYSICAL DESCRIPTION
Extent 29 pages :
Other physical details illustrations
Dimensions 23 cm
490 0# - SERIES STATEMENT
Series statement My first I can read
505 ## - FORMATTED CONTENTS NOTE
Formatted contents note E<br/>
520 ## - SUMMARY, ETC.
Summary, etc. Biscuit tries to coax a little puppy to come out and play.
521 ## - TARGET AUDIENCE NOTE
Target audience note 240 <br/>
Source Lexile<br/>
521 ## - TARGET AUDIENCE NOTE
Target audience note E<br/>
Source Raz-Plus<br/>
650 #1 - SUBJECT ADDED ENTRY--TOPICAL TERM
Topical term or geographic name entry element Dogs
Form subdivision Fiction.
650 #1 - SUBJECT ADDED ENTRY--TOPICAL TERM
Topical term or geographic name entry element Animals
General subdivision Infancy
Form subdivision Fiction.
650 #1 - SUBJECT ADDED ENTRY--TOPICAL TERM
Topical term or geographic name entry element Play
Form subdivision Fiction.
700 1# - ADDED ENTRY--PERSONAL NAME
Personal name Schories, Pat
Relator term illustrator
906 ## - LOCAL DATA ELEMENT F, LDF (RLIN)
a 7
b cbc
c orignew
d 1
e ecip
f 20
g y-gencatlg
942 ## - ADDED ENTRY ELEMENTS (KOHA)
Source of classification or shelving scheme Dewey Decimal Classification
Koha item type Books
Suppress in OPAC No
999 ## -
-- 2314
-- 2314
Holdings
Withdrawn status Lost status Source of classification or shelving scheme Damaged status Not for loan Collection Home library Current library Shelving location Date acquired Total Checkouts Full call number Barcode Date last seen Date last checked out Copy number Price effective from Koha item type
    Dewey Decimal Classification     Juvenile Fiction Footprints International School Library Network Toul Kork Campus Footprints International School Library Network Toul Kork Campus TK Primary Library Room(4th Floor), Bookcase 7, Shelves 57-60, Dark Green Books 11/16/2023 2 CAP 813 PZ7.C179 FISTK03869 04/10/2025 03/14/2025 1 11/16/2023 Books
    Dewey Decimal Classification     Juvenile Fiction Footprints International School Library Network Toul Tom Poung Campus Footprints International School Library Network Toul Tom Poung Campus TTP Primary Green Bookshelves 09/15/2025   CAP 813 PZ7.C179 FISBK02845 09/15/2025   2 09/15/2025 Books